[Event "Kup SS CS 2014"]
[Site "?"]
[Date "2014.05.02"]
[Round "5.1"]
[White "Brkljaca, Ante"]
[Black "Djukic, Zeljko"]
[Result "1/2-1/2"]
[WhiteElo "2323"]
[BlackElo "2382"]
[PlyCount "23"]
[EventDate "2014.03.23"]

1. d4 d5 2. Nf3 Nf6 3. c4 dxc4 4. e3 e6 5. Bxc4 c5 6. O-O a6 7. a4 Nc6 8. Nc3
Be7 9. Qe2 cxd4 10. Rd1 O-O 11. exd4 Nd5 12. Be3 1/2-1/2

[Event "Kup SS CS 2014"]
[Site "?"]
[Date "2014.05.02"]
[Round "5.1"]
[White "Ilic, Zoran S"]
[Black "Ilic, Dragan M"]
[Result "1-0"]
[WhiteElo "2291"]
[BlackElo "2371"]
[PlyCount "51"]
[EventDate "2014.03.23"]

1. Nf3 e6 2. c4 d5 3. g3 c6 4. Bg2 f5 5. O-O Nf6 6. d3 Bd6 7. Nc3 O-O 8. e4
dxe4 9. dxe4 e5 10. Qb3 Kh8 11. exf5 Na6 12. Nh4 Nd7 13. Qc2 Nb4 14. Qe2 a5 15.
Rd1 Qc7 16. Bg5 Bc5 17. Ne4 Bd4 18. Be7 Rf7 19. Bd6 Qd8 20. Qh5 Rf6 21. Ng5 h6
22. Nf7+ Rxf7 23. Qxf7 Qg8 24. Qe7 Qxc4 25. Ng6+ Kh7 26. Nxe5 1-0

[Event "Kup SS CS 2014"]
[Site "?"]
[Date "2014.05.02"]
[Round "5.1"]
[White "Zivkovic, Vladislav"]
[Black "Djokic, Vladan"]
[Result "0-1"]
[WhiteElo "2195"]
[BlackElo "2309"]
[PlyCount "88"]
[EventDate "2014.03.23"]

1. c4 c5 2. g3 Nc6 3. Bg2 e5 4. Nc3 Nge7 5. Nf3 d6 6. O-O g6 7. a3 Bg7 8. b4
O-O 9. Rb1 f5 10. Nd5 cxb4 11. axb4 Nxd5 12. cxd5 Nd4 13. Ne1 Bd7 14. e3 Nb5
15. Bb2 Rc8 16. Qb3 Qe7 17. Nd3 Rc7 18. Rbc1 Rfc8 19. Rxc7 Rxc7 20. Rc1 Rxc1+
21. Nxc1 Be8 22. Qc2 Qc7 23. Qxc7 Nxc7 24. d3 Bh6 25. f4 exf4 26. gxf4 Bf7 27.
Bd4 b6 28. e4 Bxf4 29. Ne2 Bd2 30. Nc3 Be8 31. e5 Nb5 32. Nxb5 Bxb5 33. exd6
Bxb4 34. Be5 Bd7 35. d4 a5 36. Bf1 a4 37. Bd3 b5 38. Kf2 Kf7 39. Ke2 Bc3 40.
Bb1 b4 41. Kd3 Bb5+ 42. Kc2 Bc4 43. Bf4 Bxd5 44. Bg5 Ke6 0-1

[Event "Kup SS CS 2014"]
[Site "?"]
[Date "2014.05.02"]
[Round "5.1"]
[White "Mitrovic, Darko R"]
[Black "Gosic, Bogdan"]
[Result "0-1"]
[WhiteElo "2279"]
[BlackElo "2272"]
[PlyCount "86"]
[EventDate "2014.03.23"]

1. d4 Nf6 2. c4 e6 3. Nf3 b6 4. e3 Bb7 5. Bd3 Bb4+ 6. Nbd2 Ne4 7. O-O f5 8. Qc2
Bxd2 9. Nxd2 Qh4 10. f3 Nf6 11. a3 Nc6 12. b4 O-O 13. Bb2 Ne7 14. Rae1 Qh6 15.
e4 fxe4 16. Nxe4 Nxe4 17. Bxe4 Bxe4 18. Qxe4 c6 19. Rf2 Qf4 20. Bc3 a6 21. Bd2
Qf5 22. Be3 b5 23. Qxf5 Rxf5 24. d5 cxd5 25. Bc5 Nc6 26. g4 Rg5 27. h4 Re5 28.
Rxe5 Nxe5 29. cxd5 exd5 30. Kg2 Nc4 31. Ra2 d6 32. Bd4 a5 33. Bc3 d4 34. Be1
Re8 35. Kf2 a4 36. Bd2 d3 37. Bc1 Kf7 38. h5 Ke6 39. h6 gxh6 40. Bxh6 Kd5 41.
Bc1 Kd4 42. Kf1 Ne3+ 43. Kf2 Nc2 0-1

[Event "Kup SS CS 2014"]
[Site "?"]
[Date "2014.05.02"]
[Round "5.2"]
[White "Zajic, Milan"]
[Black "Vasic, Vladimir"]
[Result "1/2-1/2"]
[WhiteElo "2347"]
[BlackElo "2158"]
[PlyCount "120"]
[EventDate "2014.03.23"]

1. e4 e5 2. Nf3 Nc6 3. Bb5 a6 4. Ba4 Nf6 5. d3 b5 6. Bb3 Be7 7. O-O d6 8. a4
Bg4 9. c3 O-O 10. h3 Bh5 11. axb5 axb5 12. Rxa8 Qxa8 13. Re1 Na5 14. Bc2 c5 15.
Nbd2 Nc6 16. Nf1 Qa1 17. Ng3 Bg6 18. Nh4 b4 19. Nhf5 bxc3 20. bxc3 Ra8 21. Bg5
Qxc3 22. Nxe7+ Nxe7 23. Bxf6 gxf6 24. Bb3 Rb8 25. Bc4 f5 26. exf5 Nxf5 27. Nxf5
Bxf5 28. Re3 Qd4 29. Qf3 Bg6 30. Re4 Qa1+ 31. Kh2 Kg7 32. Rg4 Qa7 33. h4 h5 34.
Rg5 Qe7 35. Qxh5 Qf6 36. Qg4 Rh8 37. Kg1 Qf4 38. Qxf4 exf4 39. Rd5 Rxh4 40.
Rxd6 f3 41. gxf3 Rd4 42. Rxd4 cxd4 43. Kg2 f6 44. Kg3 Kf8 45. Kg4 Ke7 46. f4
Kd6 47. Kf3 Bf5 48. Ke2 Kc5 49. Kd2 Kb4 50. Bd5 Kc5 51. Be4 Bg4 52. Bh7 Kb4 53.
Bg8 Bf3 54. Be6 Bh5 55. Bd5 Bg4 56. Kc2 Kc5 57. Be4 Kb4 58. Kb2 Bd1 59. Bd5 Ba4
60. Bc4 Bc6 1/2-1/2

[Event "Kup SS CS 2014"]
[Site "?"]
[Date "2014.05.02"]
[Round "5.2"]
[White "Jelisavcic, Srdjan"]
[Black "Mladenovic, Stefan"]
[Result "0-1"]
[WhiteElo "2084"]
[BlackElo "2310"]
[PlyCount "84"]
[EventDate "2014.03.23"]

1. e4 c5 2. d4 cxd4 3. Qxd4 Nc6 4. Qe3 g6 5. Nc3 Bg7 6. Bd2 Nf6 7. Be2 d6 8.
O-O-O Ng4 9. Qg3 h5 10. h4 Qb6 11. Bxg4 Bxg4 12. Nf3 Nb4 13. e5 dxe5 14. a3 Na6
15. Be3 Qe6 16. Rd5 Bxf3 17. Qxf3 O-O 18. Rhd1 b6 19. Ne4 Rac8 20. Qe2 Nc7 21.
Ng5 Qc6 22. Rd7 Nb5 23. R7d2 e4 24. c4 Qxc4+ 25. Qxc4 Rxc4+ 26. Kb1 Nd6 27. Bf4
Nf5 28. b3 Rc3 29. Nxe4 Rxb3+ 30. Ka2 Rb5 31. Bg5 f6 32. Bf4 Nxh4 33. g3 Nf5
34. Rc2 e5 35. Be3 Nxe3 36. fxe3 f5 37. Ng5 Bf6 38. Ne6 Rf7 39. Rc8+ Kh7 40.
Rd6 e4 41. Nd4 Rc5 42. Rxc5 bxc5 0-1

[Event "Kup SS CS 2014"]
[Site "?"]
[Date "2014.05.02"]
[Round "5.2"]
[White "Cvetanovic, Uros"]
[Black "Mijanovic, Dragan"]
[Result "1-0"]
[WhiteElo "2290"]
[BlackElo "2083"]
[PlyCount "119"]
[EventDate "2014.03.23"]

1. e4 c6 2. Nf3 d5 3. exd5 cxd5 4. Ne5 Qc7 5. d4 Nc6 6. Bf4 Qb6 7. Nc3 Nf6 8.
Nb5 a6 9. Nxc6 axb5 10. Ne5 Bf5 11. g4 Bd7 12. g5 Ne4 13. Nxd7 Kxd7 14. Qd3 Nd6
15. Bxd6 Kxd6 16. c3 b4 17. c4 dxc4 18. Qg3+ Kd7 19. Bh3+ e6 20. d5 Bd6 21.
dxe6+ fxe6 22. Qg4 Qc6 23. O-O Rae8 24. Rac1 b5 25. Rcd1 Kc7 26. Bg2 Qb6 27. b3
Rhf8 28. bxc4 Rf4 29. c5 Rxg4 30. cxb6+ Kd7 31. Rd3 Rb8 32. f4 Rxb6 33. h3 Rh4
34. Kh2 h6 35. g6 Ke7 36. Kg3 Rh5 37. Be4 Rc5 38. Kg4 Rc4 39. Re3 Kf6 40. f5
Bc5 41. fxe6+ Kxe6 42. Re2 Ke5 43. Rf5+ Kd6 44. Rd2+ Ke7 45. Rf7+ Ke6 46. Kf3
Rc3+ 47. Kg2 Ke5 48. Re2 Re3 49. Rxe3 Bxe3 50. Bb1 Bd4 51. Rxg7 Rc6 52. Rd7 Rc1
53. Rxd4 Rxb1 54. Rg4 Rb2+ 55. Kf3 Rxa2 56. g7 Ra8 57. g8=Q Rxg8 58. Rxg8 Kd4
59. Ke2 Kc3 60. Rc8+ 1-0

[Event "Kup SS CS 2014"]
[Site "?"]
[Date "2014.05.02"]
[Round "5.2"]
[White "Ilic, Milenko"]
[Black "Djordjevic, Vuk"]
[Result "0-1"]
[WhiteElo "1897"]
[BlackElo "2139"]
[PlyCount "57"]
[EventDate "2014.03.23"]

1. e4 d5 2. exd5 Qxd5 3. d4 e5 4. Be3 Nc6 5. Nf3 Bg4 6. Be2 exd4 7. Bf4 Bb4+ 8.
Nbd2 Bxd2+ 9. Qxd2 O-O-O 10. O-O Nf6 11. a3 h6 12. Rfe1 Rhe8 13. h3 Bh5 14.
Rad1 g5 15. Bh2 Re7 16. Qc1 Rde8 17. Kf1 Bxf3 18. Bxf3 Qc4+ 19. Kg1 Rxe1+ 20.
Rxe1 Rxe1+ 21. Qxe1 Qxc2 22. g4 d3 23. b4 d2 24. Qd1 Qxd1+ 25. Bxd1 Nd5 26. b5
Nc3 27. Kf1 Nxd1 28. Ke2 Nc3+ 29. Kxd2 0-1

[Event "Kup SS CS 2014"]
[Site "?"]
[Date "2014.05.02"]
[Round "5.3"]
[White "Savic, Miodrag"]
[Black "Dinic, Dragan"]
[Result "1/2-1/2"]
[WhiteElo "2213"]
[BlackElo "2298"]
[PlyCount "52"]
[EventDate "2014.03.23"]

1. d4 Nf6 2. c4 g6 3. Nc3 d5 4. Nf3 Bg7 5. Bf4 O-O 6. e3 c5 7. dxc5 Qa5 8. Nd2
dxc4 9. Bxc4 Qxc5 10. Qb3 Qa5 11. Qb5 Qd8 12. Rd1 a6 13. Qb3 Qa5 14. Nd5 Nxd5
15. Bxd5 Nd7 16. O-O Nc5 17. Qc2 Ne6 18. Nc4 Qc5 19. Bg3 a5 20. b3 Ra6 21. Qe2
b5 22. Nb2 Rb6 23. Be4 Ba6 24. Nd3 Qa3 25. Rc1 Ng5 26. Bd5 e6 1/2-1/2

[Event "Kup SS CS 2014"]
[Site "?"]
[Date "2014.05.02"]
[Round "5.3"]
[White "Panic, Milan"]
[Black "Savic, Ivan"]
[Result "1-0"]
[WhiteElo "2274"]
[BlackElo "2048"]
[PlyCount "77"]
[EventDate "2014.03.23"]

1. d4 d5 2. c4 e6 3. Nc3 Be7 4. Nf3 Nf6 5. Bg5 h6 6. Bh4 O-O 7. e3 Ne4 8. Bxe7
Qxe7 9. Rc1 Nxc3 10. Rxc3 c6 11. Bd3 Nd7 12. O-O dxc4 13. Rxc4 e5 14. Bc2 exd4
15. Qd3 Nf6 16. Rxd4 Re8 17. Rd1 Be6 18. e4 Bg4 19. h3 Bxf3 20. Qxf3 c5 21.
R4d2 Nxe4 22. Rd7 Ng5 23. Qd3 Qf6 24. h4 Ne4 25. f3 c4 26. Qxc4 Rac8 27. Qd3
Qb6+ 28. Rd4 Qxb2 29. Rxe4 Rxe4 30. Qxe4 Qb6+ 31. Kh1 g6 32. Bb3 Rc7 33. Qe8+
Kg7 34. Qe5+ Kh7 35. h5 Rc5 36. hxg6+ Kxg6 37. Rd6+ Kh7 38. Qe4+ f5 39. Qe7+
1-0

[Event "Kup SS CS 2014"]
[Site "?"]
[Date "2014.05.02"]
[Round "5.3"]
[White "Vucetic, Mirko"]
[Black "Dodic, Dragan"]
[Result "0-1"]
[WhiteElo "2021"]
[BlackElo "2083"]
[PlyCount "134"]
[EventDate "2014.03.23"]

1. d4 d5 2. Nf3 Nf6 3. Bf4 c5 4. c3 Nc6 5. e3 Qb6 6. Qb3 c4 7. Qxb6 axb6 8.
Nbd2 Bf5 9. Be2 h6 10. h3 e6 11. O-O b5 12. a3 Be7 13. Rfc1 O-O 14. Bd1 Ra6 15.
Ne1 Rfa8 16. Bc2 b4 17. Bxf5 exf5 18. cxb4 Bxb4 19. Rc2 b5 20. Rb1 Ba5 21. Rd1
Ne4 22. Nb1 Bxe1 23. Rxe1 b4 24. f3 Nf6 25. Rd1 Rb6 26. Be5 Nd7 27. Bc7 Rb7 28.
Bd6 bxa3 29. Bxa3 Re8 30. Kf2 Nb4 31. Bxb4 Rxb4 32. Nc3 Nf6 33. Ra1 Reb8 34.
Nd1 g5 35. Ra5 Kg7 36. Ra2 R4b6 37. Nc3 Kg6 38. Nd1 Rb3 39. Rc3 R3b4 40. Rca3
Kg7 41. Rc3 R4b5 42. Rca3 R5b7 43. Ra5 Kg6 44. Ra6 Kg7 45. Rd6 Rb6 46. Rxb6
Rxb6 47. Ra3 Kg6 48. Ra2 h5 49. Nc3 h4 50. Na4 Rb4 51. Nc3 Rb6 52. Ke1 f4 53.
exf4 gxf4 54. Kd2 Kf5 55. Kc2 Rb8 56. Ra1 Rg8 57. Rg1 Rb8 58. Re1 Rg8 59. Re5+
Kg6 60. Nxd5 Nxd5 61. Rxd5 Kf6 62. Rh5 Rxg2+ 63. Kc3 Rg3 64. Rxh4 Rxf3+ 65.
Kxc4 Kf5 66. d5 Rf1 67. Rg4 f3 0-1

[Event "Kup SS CS 2014"]
[Site "?"]
[Date "2014.05.02"]
[Round "5.3"]
[White "Petrovic, Petar R"]
[Black "Vasic, Zarko"]
[Result "1/2-1/2"]
[WhiteElo "1752"]
[BlackElo "2006"]
[PlyCount "76"]
[EventDate "2014.03.23"]

1. e4 e6 2. d4 d5 3. exd5 exd5 4. Bd3 Nc6 5. Ne2 Nf6 6. c3 Bd6 7. Bf4 O-O 8.
O-O Re8 9. Bg3 Ne7 10. Na3 c6 11. Nc2 Nf5 12. Bxd6 Qxd6 13. Ng3 Nxg3 14. hxg3
Bg4 15. Qd2 Re7 16. Rae1 Rae8 17. Ne3 Bd7 18. Nc2 c5 19. dxc5 Qxc5 20. Nd4 Ne4
21. Qf4 g5 22. Qf3 Re5 23. g4 Qc8 24. Qd1 a6 25. f3 Nd6 26. Rxe5 Rxe5 27. Re1
Qe8 28. Rxe5 Qxe5 29. Qe2 f6 30. Nb3 Qxe2 31. Bxe2 f5 32. gxf5 Bxf5 33. Nd2 b5
34. Kf2 Bg6 35. a4 Kf8 36. axb5 axb5 37. Ke3 Nf5+ 38. Kf2 Nd6 1/2-1/2

[Event "Kup SS CS 2014"]
[Site "?"]
[Date "2014.05.02"]
[Round "5.4"]
[White "Stojanovic, Marko"]
[Black "Zlatanovic, Zoran"]
[Result "0-1"]
[WhiteElo "2294"]
[BlackElo "2181"]
[PlyCount "79"]
[EventDate "2014.03.23"]

1. e4 c5 2. Nf3 Nc6 3. Nc3 d6 4. d4 cxd4 5. Nxd4 Nf6 6. Bc4 Qb6 7. Nxc6 bxc6 8.
Qe2 e5 9. O-O Be7 10. a4 a5 11. Be3 Qc7 12. f4 O-O 13. f5 Bb7 14. Rad1 Rfd8 15.
Qf3 h6 16. h3 Ba6 17. Bxa6 Rxa6 18. Rf2 Qb7 19. b3 Qb4 20. Bd2 Qc5 21. Qg3 Kf8
22. Qd3 Raa8 23. Be3 Qb4 24. Rfd2 d5 25. exd5 cxd5 26. Nb5 Rac8 27. Qe2 Bc5 28.
c3 Bxe3+ 29. Qxe3 Qxb3 30. Qxe5 Qxa4 31. Nd6 Rc6 32. Nb7 Re8 33. Qd4 Qb5 34.
Qa7 Rc7 35. Qxa5 Qxb7 36. Qa3+ Kg8 37. Kh1 Rce7 38. Qb4 Re1+ 39. Rxe1 Rxe1+ 40.
Kh2 0-1

[Event "Kup SS CS 2014"]
[Site "?"]
[Date "2014.05.02"]
[Round "5.4"]
[White "Kalcic, Krsta"]
[Black "Djuric, Zoran"]
[Result "1/2-1/2"]
[WhiteElo "2214"]
[BlackElo "2233"]
[PlyCount "150"]
[EventDate "2014.03.23"]

1. e4 e6 2. d4 d5 3. Nd2 Nf6 4. e5 Nfd7 5. c3 c5 6. f4 Nc6 7. Ndf3 Qb6 8. h4 h5
9. a3 c4 10. Qc2 g6 11. Nh3 Na5 12. Be3 Qb3 13. Qd2 Nb6 14. Be2 Qb5 15. Rd1 Na4
16. b4 Nb3 17. Qc2 Bd7 18. Nf2 a5 19. O-O Be7 20. Ng5 axb4 21. axb4 Nxc3 22.
Qxc3 Ra2 23. Qxb3 cxb3 24. Bxb5 Bxb5 25. Rb1 Bxf1 26. Kxf1 b2 27. Ke2 Bxb4 28.
Nd3 Ba3 29. Nf3 O-O 30. Nc5 Rc8 31. Kd3 b6 32. Nb3 Rc4 33. Bd2 b5 34. Ne1 Be7
35. g3 b4 36. Nc2 Kf8 37. Ne3 Rc8 38. Nd1 Ke8 39. Rxb2 Rxb2 40. Nxb2 Ra8 41.
Kc2 Ra2 42. Nc1 Ra3 43. Nbd3 Kd7 44. Kb2 Ra8 45. Nxb4 Bxb4 46. Bxb4 Kc6 47. Bc5
Kb5 48. Kc3 Ra4 49. Kd3 Ra1 50. Ne2 Rd1+ 51. Kc3 Re1 52. Kd2 Rf1 53. Nc3+ Kc4
54. Ke2 Ra1 55. Nd1 Ra2+ 56. Kf3 Rd2 57. Nf2 Rb2 58. g4 Rb3+ 59. Kg2 Rb2 60.
gxh5 gxh5 61. f5 Rb8 62. Nh3 Rb2+ 63. Nf2 Rb3 64. fxe6 fxe6 65. Nh1 Rb2+ 66.
Kh3 Kd3 67. Ng3 Ke3 68. Nxh5 Kf3 69. Nf6 Rb1 70. Ng4 Rg1 71. Nh2+ Kf4 72. h5
Rg3+ 73. Kh4 Rg2 74. Kh3 Rg3+ 75. Kh4 Rg2 1/2-1/2

[Event "Kup SS CS 2014"]
[Site "?"]
[Date "2014.05.02"]
[Round "5.4"]
[White "Ilic, Zdravko"]
[Black "Milutinovic, Stefana"]
[Result "1-0"]
[WhiteElo "2161"]
[BlackElo "2048"]
[PlyCount "105"]
[EventDate "2014.03.23"]

1. e4 c5 2. Ne2 d6 3. g3 Nc6 4. Bg2 g6 5. c3 Bg7 6. O-O Nf6 7. d4 cxd4 8. cxd4
Bg4 9. f3 Bd7 10. Nbc3 O-O 11. Be3 a6 12. Qd2 Rc8 13. Rac1 b5 14. b3 Qa5 15.
Nf4 b4 16. Nce2 Rfd8 17. Nd3 e5 18. d5 Nd4 19. Nxd4 exd4 20. Bf4 Rc3 21. Rfd1
Bb5 22. Bf1 Bxd3 23. Bxd3 Qb6 24. Qe2 a5 25. Bd2 Rcc8 26. Kg2 Nd7 27. f4 Nc5
28. Qf3 Rc7 29. Re1 Rdc8 30. Bc4 Re8 31. Re2 Rce7 32. Rce1 Kh8 33. g4 a4 34. h4
axb3 35. axb3 Qd8 36. g5 Rb7 37. h5 d3 38. Bxd3 Nxb3 39. Be3 Rc7 40. Qh3 Qc8
41. Qh4 Kg8 42. f5 gxf5 43. exf5 Rc3 44. Bb5 Re5 45. f6 Rxd5 46. fxg7 Rxb5 47.
h6 Qc6+ 48. Kh2 Rc2 49. g6 Rxe2+ 50. Rxe2 Rb8 51. gxf7+ Kxf7 52. Rf2+ Kg8 53.
Qe7 1-0

[Event "Kup SS CS 2014"]
[Site "?"]
[Date "2014.05.02"]
[Round "5.4"]
[White "Zlatanovic, Jovana"]
[Black "Savic, Petar A"]
[Result "0-1"]
[WhiteElo "1716"]
[BlackElo "2127"]
[PlyCount "78"]
[EventDate "2014.03.23"]

1. e4 e5 2. Bc4 Nf6 3. d3 d6 4. c3 Be7 5. Nf3 O-O 6. Nbd2 c6 7. h3 Nbd7 8. Bb3
Nc5 9. Bc2 Re8 10. O-O Ne6 11. Nc4 h6 12. Nh2 Bf8 13. Qf3 b5 14. Ne3 Ng5 15.
Qe2 d5 16. Neg4 Nxg4 17. Nxg4 Bd6 18. Bb3 Be6 19. Bc2 f5 20. exd5 Bxd5 21. Ne3
Be6 22. h4 Nh7 23. Qf3 f4 24. Ng4 Qxh4 25. Qxc6 f3 26. Ne3 fxg2 27. Nxg2 Qe7
28. Qxb5 Rab8 29. Qa4 Kh8 30. Qh4 Qf7 31. d4 exd4 32. Qxd4 Rbd8 33. Qe4 Nf8 34.
Nh4 Bh3 35. Ng6+ Kg8 36. Qh4 Qf3 37. Bb3+ Kh7 38. Nf4 Bxf4 39. Bc2+ Kh8 0-1

[Event "Kup SS CS 2014"]
[Site "?"]
[Date "2014.05.02"]
[Round "5.5"]
[White "Radosavljevic, Slobodan D"]
[Black "Irizanin, Radoje"]
[Result "0-1"]
[WhiteElo "2227"]
[BlackElo "2327"]
[PlyCount "50"]
[EventDate "2014.03.23"]

1. c4 e6 2. g3 d5 3. Nf3 c6 4. Bg2 dxc4 5. Qc2 b5 6. a4 Bb7 7. O-O Nf6 8. Nc3
a6 9. Rd1 Nbd7 10. d3 Bc5 11. dxc4 Qb6 12. e3 O-O 13. a5 Qc7 14. b3 Bb4 15. Bb2
bxc4 16. bxc4 c5 17. Ng5 Bxg2 18. Kxg2 h6 19. Rxd7 Qxd7 20. Rd1 Qb7+ 21. Nd5
hxg5 22. Bxf6 exd5 23. cxd5 gxf6 24. h4 Rfe8 25. hxg5 Qe7 0-1

[Event "Kup SS CS 2014"]
[Site "?"]
[Date "2014.05.02"]
[Round "5.5"]
[White "Mirkovic, Stevan"]
[Black "Popovic, Djordje D"]
[Result "1-0"]
[WhiteElo "2298"]
[BlackElo "2210"]
[PlyCount "65"]
[EventDate "2014.03.23"]

1. Nf3 c5 2. c4 b6 3. d4 cxd4 4. Nxd4 Bb7 5. Nc3 d6 6. e4 e6 7. Be2 Nf6 8. f3
a6 9. Be3 Nbd7 10. O-O Be7 11. Qd2 O-O 12. Rac1 Qc7 13. a3 Rac8 14. b4 Rfe8 15.
Na4 Qb8 16. Rc2 d5 17. exd5 Bd6 18. dxe6 Bxh2+ 19. Kh1 fxe6 20. c5 bxc5 21.
bxc5 Qg3 22. c6 Nh5 23. Bf2 Qe5 24. g4 Bf4 25. Qd3 Ndf6 26. Rc5 Nd5 27. cxb7
Rxc5 28. Nxc5 Ng3+ 29. Bxg3 Bxg3 30. Qe4 Qg5 31. Nf5 Nf6 32. Nxe6 Qd2 33. Qd3
1-0

[Event "Kup SS CS 2014"]
[Site "?"]
[Date "2014.05.02"]
[Round "5.5"]
[White "Stefanovic, Vladimir"]
[Black "Smolovic, Mile"]
[Result "0-1"]
[WhiteElo "2201"]
[BlackElo "2323"]
[PlyCount "84"]
[EventDate "2014.03.23"]

1. c4 g6 2. g3 Bg7 3. Bg2 Nf6 4. Nf3 O-O 5. O-O d6 6. Nc3 e5 7. d3 Nc6 8. Rb1
a5 9. a3 h6 10. b4 axb4 11. axb4 Be6 12. b5 Ne7 13. Nd2 Rb8 14. Qb3 Qd7 15. Nd5
Nexd5 16. cxd5 Bh3 17. Bb2 Nh7 18. Rfc1 Bxg2 19. Kxg2 Rfc8 20. Rc4 h5 21. Nf3
f5 22. Rbc1 Qf7 23. e4 c5 24. dxc6 bxc6 25. R4c3 Bh6 26. R1c2 Qxb3 27. Rxb3
fxe4 28. dxe4 cxb5 29. Rxc8+ Rxc8 30. Rxb5 Nf6 31. Rb4 Rc2 32. Rb8+ Kf7 33.
Bxe5 dxe5 34. Nxe5+ Kg7 35. Rb7+ Kg8 36. Nxg6 Nxe4 37. Kf3 Nxf2 38. Ne7+ Kf8
39. Ng6+ Ke8 40. Re7+ Kd8 41. Rh7 Ng4 42. h3 Rf2+ 0-1

[Event "Kup SS CS 2014"]
[Site "?"]
[Date "2014.05.02"]
[Round "5.5"]
[White "Gavrilovic, Leonardo"]
[Black "Milosevic, Aleksandar"]
[Result "1/2-1/2"]
[WhiteElo "2255"]
[BlackElo "2308"]
[PlyCount "87"]
[EventDate "2014.03.23"]

1. Nf3 Nf6 2. d4 e6 3. g3 b5 4. Bg2 Bb7 5. O-O Be7 6. a3 O-O 7. Nc3 a6 8. Qd3
d6 9. e4 Nbd7 10. e5 dxe5 11. dxe5 Nd5 12. Ne4 h6 13. c4 bxc4 14. Qxc4 Qb8 15.
Re1 Rd8 16. b4 c5 17. Nxc5 Nxc5 18. bxc5 Qc7 19. Bd2 Bxc5 20. Qg4 Kf8 21. Rec1
Qe7 22. Nh4 Rac8 23. Rc4 g5 24. Nf3 Nb6 25. Rxc5 Bxf3 26. Bxf3 Rxd2 27. Rxc8+
Nxc8 28. Qb4 Rc2 29. Bb7 a5 30. Qe4 Qc5 31. Rf1 Kg7 32. Bxc8 Qxc8 33. Qf3 Qc3
34. Qf6+ Kg8 35. Qd8+ Kh7 36. Qf6 Qc7 37. h3 Rc1 38. Rxc1 Qxc1+ 39. Kh2 Qc7 40.
a4 Qd7 41. Kg1 Qd1+ 42. Kh2 Qd7 43. Kg1 Qd1+ 44. Kh2 1/2-1/2

[Event "Kup SS CS 2014"]
[Site "?"]
[Date "2014.05.02"]
[Round "5.6"]
[White "Trailovic, Mile"]
[Black "Marcetic, Predrag"]
[Result "0-1"]
[WhiteElo "2142"]
[BlackElo "2295"]
[PlyCount "118"]
[EventDate "2014.03.23"]

1. e4 c6 2. d3 d5 3. Bd2 Qb6 4. Qc1 Nf6 5. Be3 Qc7 6. f3 e5 7. a3 a5 8. c4 d4
9. Bf2 g6 10. g3 h5 11. h3 Nbd7 12. b3 Nc5 13. Qc2 Bh6 14. Ra2 a4 15. b4 Nb3
16. Ne2 c5 17. b5 h4 18. g4 Bg5 19. Bg2 Nd7 20. O-O Nf8 21. Kh1 Ne6 22. Rb2 Qe7
23. Rxb3 axb3 24. Qxb3 b6 25. Qc2 Qa7 26. Nc1 Qa4 27. Nb3 Bb7 28. Re1 Kd7 29.
Bg1 Kd6 30. Bh2 Bf4 31. Bg1 Bg3 32. Rd1 Nf4 33. Bf1 f5 34. Rd2 fxg4 35. hxg4
Rhf8 36. Qd1 Ne6 37. Rb2 Rf4 38. Be2 Qa7 39. Ra2 Raf8 40. N1d2 Ng5 41. a4 Ne6
42. a5 R4f7 43. Qc2 Nf4 44. Bf1 Ra8 45. Ra4 h3 46. Bh2 Bxh2 47. Kxh2 Qb8 48.
Qc1 Qd8 49. Qe1 Rh7 50. Ra2 bxa5 51. Ra4 Bc8 52. Nc1 Qg5 53. Ncb3 Ne6 54. Nc1
Qe3 55. Be2 Ng5 56. Ra2 Qf4+ 57. Kh1 a4 58. Bd1 h2 59. Qe2 Qg3 0-1

[Event "Kup SS CS 2014"]
[Site "?"]
[Date "2014.05.02"]
[Round "5.6"]
[White "Kurcubic, Aleksandar"]
[Black "Tosic, Branislav"]
[Result "0-1"]
[WhiteElo "2270"]
[BlackElo "2247"]
[PlyCount "86"]
[EventDate "2014.03.23"]

1. d4 Nf6 2. c4 e6 3. Nc3 Bb4 4. Qc2 c5 5. e3 Nc6 6. dxc5 Bxc5 7. a3 d5 8. b4
d4 9. Nb5 Be7 10. Nxd4 Nxd4 11. exd4 a5 12. Qa4+ b5 13. Qxb5+ Bd7 14. Qe5 axb4
15. Nf3 Ra5 16. Qe3 bxa3 17. Bd2 Ra4 18. Ne5 O-O 19. Bd3 Qa8 20. O-O Rb8 21. d5
Qa7 22. Nxd7 Qxd7 23. dxe6 Qxe6 24. Qf3 Qg4 25. Ra2 Qxf3 26. gxf3 Nd7 27. Rfa1
Ne5 28. Bf4 f6 29. Bxe5 fxe5 30. Be4 Kf8 31. Bxh7 Rxc4 32. Be4 Rc3 33. Kf1 Bc5
34. Ke2 Ke7 35. Rb1 Rxb1 36. Bxb1 Rc1 37. Bf5 Bb4 38. Be4 Kf6 39. h4 g6 40. Bd5
Re1+ 41. Kd3 Rh1 42. Kc4 Rxh4+ 43. Kb3 Rd4 0-1

[Event "Kup SS CS 2014"]
[Site "?"]
[Date "2014.05.02"]
[Round "5.6"]
[White "Floricelovic, Milos"]
[Black "Marinkovic, Zoran"]
[Result "1-0"]
[WhiteElo "2041"]
[BlackElo "2268"]
[PlyCount "132"]
[EventDate "2014.03.23"]

1. e4 c5 2. Nf3 Nc6 3. d4 cxd4 4. Nxd4 g6 5. Nc3 Bg7 6. Be3 Nf6 7. f3 O-O 8.
Bc4 Qb6 9. Bb3 Ng4 10. fxg4 Bxd4 11. Bxd4 Qxd4 12. Qxd4 Nxd4 13. Nd5 Nc6 14.
O-O-O Kg7 15. g5 Rb8 16. h4 d6 17. Rdf1 Be6 18. Nf4 Nd4 19. Kb1 Rbc8 20. Rf2
Nxb3 21. axb3 Rc5 22. Rhf1 Re5 23. Re2 Bg4 24. Re3 f5 25. gxf6+ Rxf6 26. g3 h6
27. Rfe1 g5 28. Nd3 Rb5 29. e5 Rf7 30. hxg5 hxg5 31. exd6 exd6 32. Re7 Bf5 33.
Rxf7+ Kxf7 34. Re3 Rd5 35. Kc1 Kf6 36. Nb4 Rd4 37. c4 Be6 38. Kc2 Bf5+ 39. Kc3
Rd1 40. Nc2 Rc1 41. Kd2 Rg1 42. Nd4 Bg4 43. Nb5 Rb1 44. Kc3 Rc1+ 45. Kd4 Rd1+
46. Kc3 Rc1+ 47. Kd2 Rb1 48. Kc3 Rc1+ 49. Kd2 Rb1 50. Kc2 Bf5+ 51. Kc3 Rc1+ 52.
Kd4 Rd1+ 53. Kc3 Rc1+ 54. Kd2 Rc2+ 55. Ke1 Rxb2 56. Nxd6 g4 57. Nb5 Bd7 58. Nc3
Be6 59. Ne2 Bf5 60. Nd4 Bg6 61. Re6+ Kg5 62. Re5+ Kf6 63. Ra5 Be4 64. Rb5 Rg2
65. Ne2 Bf3 66. Nf4 Bc6 1-0

[Event "Kup SS CS 2014"]
[Site "?"]
[Date "2014.05.02"]
[Round "5.6"]
[White "Zecevic, Igor"]
[Black "Dragic, Vladimir"]
[Result "1-0"]
[WhiteElo "1942"]
[BlackElo "2136"]
[PlyCount "159"]
[EventDate "2014.03.23"]

1. d4 g6 2. c4 Bg7 3. Nc3 d6 4. e4 Nf6 5. Bg5 h6 6. Be3 Ng4 7. Bc1 e5 8. d5 f5
9. Nf3 O-O 10. h3 Nf6 11. Bd3 Na6 12. Qe2 Nc5 13. Bc2 a5 14. Be3 fxe4 15. Nd2
Nd3+ 16. Bxd3 exd3 17. Qxd3 Bf5 18. Qe2 Bd7 19. f3 c6 20. g4 cxd5 21. cxd5 Ne8
22. Nde4 b5 23. O-O Rb8 24. Qd2 b4 25. Ne2 Kh7 26. Kg2 Bb5 27. Rf2 Bxe2 28.
Qxe2 Nf6 29. Qd2 Nxe4 30. fxe4 Qd7 31. Rc1 Rxf2+ 32. Qxf2 Rc8 33. Qd2 Rxc1 34.
Qxc1 Qb5 35. Kf2 Qd3 36. Kf3 a4 37. h4 b3 38. a3 h5 39. g5 Qb5 40. Qd1 Bf8 41.
Qe2 Qd7 42. Kg3 Kg8 43. Qf3 Be7 44. Bd2 Qc8 45. Bc3 Qc4 46. Kg2 Bd8 47. Qe3 Qc8
48. Qh3 Qxh3+ 49. Kxh3 Bb6 50. Kg2 Kf7 51. Kf3 Ke7 52. Ke2 Kd7 53. Kf3 Bc5 54.
Ke2 Kc7 55. Ba5+ Kb7 56. Bc3 Kb6 57. Kf3 Kb5 58. Ke2 Kc4 59. Kd2 Bf2 60. Bb4
Bxh4 61. Bxd6 Bxg5+ 62. Ke2 Kd4 63. Bc7 Kc5 64. Bxe5 Bd8 65. Ke3 Bg5+ 66. Kf3
Kb6 67. Bd4+ Kc7 68. e5 Kd7 69. Bc5 Bc1 70. e6+ Kc7 71. d6+ Kc6 72. d7 Bg5 73.
d8=Q Bxd8 74. e7 Bxe7 75. Bxe7 Kd7 76. Bg5 Kd6 77. Ke4 Ke6 78. Bh4 Kd6 79. Kf4
Ke6 80. Kg5 1-0

[Event "Kup SS CS 2014"]
[Site "?"]
[Date "2014.05.02"]
[Round "5.7"]
[White "Radovanovic, Nikola"]
[Black "Zivkovic, Dejan"]
[Result "1/2-1/2"]
[WhiteElo "2308"]
[BlackElo "2264"]
[PlyCount "20"]
[EventDate "2014.03.23"]

1. d4 Nf6 2. c4 g6 3. Nc3 d5 4. cxd5 Nxd5 5. Bd2 Bg7 6. e4 Nxc3 7. Bxc3 O-O 8.
Qd2 c6 9. Nf3 Nd7 10. h3 Nb6 1/2-1/2

[Event "Kup SS CS 2014"]
[Site "?"]
[Date "2014.05.02"]
[Round "5.7"]
[White "Nenadovic, Ljubisa"]
[Black "Jovanovic, Bojan P"]
[Result "0-1"]
[WhiteElo "2186"]
[BlackElo "2254"]
[PlyCount "56"]
[EventDate "2014.03.23"]

1. d4 Nf6 2. c4 g6 3. Nc3 Bg7 4. e4 d6 5. f4 O-O 6. Nf3 c5 7. d5 e6 8. Be2 exd5
9. cxd5 Re8 10. e5 dxe5 11. fxe5 Ng4 12. Bg5 Qb6 13. O-O Nxe5 14. d6 Qxb2 15.
Nd5 Nxf3+ 16. Bxf3 Bd4+ 17. Kh1 Qxa1 18. Qxa1 Bxa1 19. Rxa1 Re5 20. Ne7+ Kg7
21. Nxc8 Nd7 22. Bxb7 Rb8 23. Bc6 Rxg5 24. Bxd7 c4 25. Nxa7 c3 26. Ba4 Rc5 27.
Rc1 c2 28. Bb3 Rxb3 0-1

[Event "Kup SS CS 2014"]
[Site "?"]
[Date "2014.05.02"]
[Round "5.7"]
[White "Djuretanovic, Ivan"]
[Black "Savic, Dragan"]
[Result "1-0"]
[WhiteElo "2047"]
[BlackElo "2069"]
[PlyCount "37"]
[EventDate "2014.03.23"]

1. e4 e6 2. d4 d5 3. Nc3 Bb4 4. Bd3 c5 5. dxc5 d4 6. a3 Ba5 7. b4 dxc3 8. bxa5
Qxa5 9. Be3 e5 10. Nf3 Nc6 11. O-O Nf6 12. h3 O-O 13. g4 h6 14. Qc1 Re8 15.
Bxh6 gxh6 16. Qxh6 Nh7 17. Ng5 Nxg5 18. Qxg5+ Kf8 19. Qh6+ 1-0